[Event "Open Semana Santa 2023"]
[Site "?"]
[Date "2023.04.06"]
[Round "3.68"]
[White "Roquero Redondo, Miguel"]
[Black "FM Cappelletto, Joshuaede"]
[Result "0-1"]
[WhiteElo "1924"]
[BlackElo "2266"]
[PlyCount "76"]

1. e4 e5 2. Nf3 Nc6 3. Bb5 a6 4. Ba4 Nf6 5. Qe2 b5 6. Bb3 Bc5 7. c3 O-O 8. O-O
d6 9. Rd1 Bb6 10. h3 Re8 11. d3 h6 12. Nbd2 d5 13. Nf1 Be6 14. Ng3 Qd6 15. Nh4
d4 16. Nhf5 Qf8 17. Qf3 Bxb3 18. axb3 Re6 19. Ne2 a5 20. c4 Nd7 21. Bd2 Nc5 22.
cxb5 Nb4 23. Bxb4 axb4 24. Rxa8 Qxa8 25. Qg3 Qf8 26. Ra1 g6 27. f4 Nxe4 28.
dxe4 d3+ 29. Ned4 exf4 30. Qg4 Rxe4 31. Kh1 Bxd4 32. Ng3 Re3 33. Qxf4 d2 34.
Rf1 Rd3 35. Rd1 Qe7 36. Ne4 Bxb2 37. Rxd2 Bc1 38. Nf6+ Kg7 0-1

[Event "Open Semana Santa 2023"]
[Site "?"]
[Date "2023.04.06"]
[Round "3.70"]
[White "FM Martin Barcelo, Carles"]
[Black "Jimenez Carrazoni, Javier"]
[Result "1-0"]
[WhiteElo "2222"]
[BlackElo "1848"]
[PlyCount "79"]

1. e4 c5 2. Nf3 Nc6 3. Bb5 g6 4. O-O Bg7 5. c3 Nf6 6. Re1 O-O 7. d4 cxd4 8.
cxd4 d5 9. e5 Ne4 10. Bxc6 bxc6 11. Be3 Qb6 12. Qc1 Rb8 13. b3 f6 14. Nc3 Nxc3
15. Qxc3 Bg4 16. exf6 exf6 17. Bf4 Rbc8 18. Bd6 Rfe8 19. Bc5 Qc7 20. h3 Bxf3
21. Qxf3 f5 22. Re2 Qd7 23. Rae1 Re4 24. Qd3 Bf8 25. Bxf8 Rxf8 26. f3 Rxe2 27.
Qxe2 Kf7 28. Kf2 Rc8 29. Qe5 h5 30. g4 Re8 31. Qxe8+ Qxe8 32. Rxe8 Kxe8 33.
gxf5 gxf5 34. Ke3 a5 35. Kf4 c5 36. Ke3 f4+ 37. Kd3 Kd7 38. dxc5 Ke6 39. Kd4 h4
40. a3 1-0

[Event "Open Semana Santa 2023"]
[Site "?"]
[Date "2023.04.06"]
[Round "3.71"]
[White "Suarez Hernan, Santiago"]
[Black "FM Cano Gimenez, Vicente"]
[Result "1/2-1/2"]
[WhiteElo "1917"]
[BlackElo "2180"]
[Annotator "Usuario"]
[PlyCount "61"]

1. d4 Nf6 2. c4 c5 3. d5 b5 4. cxb5 a6 5. bxa6 g6 6. Nc3 Bg7 7. g3 d6 8. Bg2
O-O 9. Nf3 Nbd7 10. O-O Nb6 11. Nd2 Bxa6 12. Qc2 Nfd7 13. Rd1 Ne5 14. b3 Qc7
15. Bb2 Rfb8 16. h3 Bc8 17. f4 Ned7 18. Nb5 Qd8 19. Bxg7 Kxg7 20. a4 Nf6 21.
Nc4 Bd7 22. Nba3 Bc8 23. e4 Nxc4 24. Nxc4 Ba6 25. Bf1 Rb4 26. Re1 Kg8 27. Rad1
Nd7 28. Re3 Nb6 29. Na3 c4 30. a5 Nd7 31. Nxc4 $11 1/2-1/2

[Event "Open Semana Santa 2023"]
[Site "?"]
[Date "2023.04.06"]
[Round "3.72"]
[White "Cubillo Munoz, Miguel"]
[Black "Jimenez Carrazoni, Marta Elena"]
[Result "1-0"]
[WhiteElo "2161"]
[BlackElo "1799"]
[PlyCount "121"]

1. e4 c6 2. Nf3 d5 3. exd5 cxd5 4. Ne5 Nc6 5. d4 Nf6 6. c3 g6 7. Bb5 Bd7 8.
Nxd7 Qxd7 9. O-O a6 10. Bd3 Bg7 11. Re1 O-O 12. Nd2 Qc7 13. Nf3 b5 14. a3 e6
15. g3 Qb6 16. Qe2 Na5 17. Bg5 Nc4 18. Ne5 Qb7 19. a4 Nd7 20. Ng4 h5 21. Nh6+
Bxh6 22. Bxh6 Rfe8 23. b3 Na5 24. axb5 axb5 25. Bxb5 Kh7 26. Bf4 Rec8 27. b4
Nc4 28. Ba4 Nf6 29. Bc2 Na3 30. Bd3 Rxc3 31. Bd2 Rcc8 32. Qf3 Kg7 33. Bf4 Qxb4
34. Be5 Qe7 35. Qf4 Nc4 36. Bxc4 Rxa1 37. Rxa1 Rxc4 38. Rd1 Rc3 39. h3 Rc2 40.
Rd3 Re2 41. Re3 Rxe3 42. fxe3 Qd8 43. g4 hxg4 44. hxg4 Kf8 45. Qxf6 Qa5 46.
Qh8+ Ke7 47. Qh4+ Kd7 48. Kg2 Qc3 49. Qf2 Kd8 50. Kg3 Qc1 51. Kf4 Qh1 52. Kg5
Qe4 53. Qe2 Qb1 54. Kf6 Qb7 55. Kg5 Qb3 56. Kh6 Ke7 57. Kg7 Qb7 58. Bf6+ Ke8
59. Qh2 Qb3 60. Qc7 Qb4 61. Qd8# 1-0

[Event "Open Semana Santa 2023"]
[Site "?"]
[Date "2023.04.06"]
[Round "3.73"]
[White "Martinez Soriano, Pablo"]
[Black "Ribera Cebolla, Marc"]
[Result "0-1"]
[WhiteElo "1877"]
[BlackElo "2153"]
[PlyCount "50"]

1. e4 c5 2. Nf3 e6 3. d4 cxd4 4. Nxd4 a6 5. Nc3 Qc7 6. Bd3 Nf6 7. f4 d6 8. Qe2
Nbd7 9. Be3 Nc5 10. Nb3 b6 11. Bxc5 bxc5 12. e5 dxe5 13. fxe5 Nd7 14. O-O-O
Nxe5 15. Be4 Rb8 16. Rhe1 Be7 17. g3 Ng6 18. h4 Bf6 19. Qc4 O-O 20. Re3 Ne5 21.
Qe2 c4 22. Nd4 Rd8 23. b3 Qc5 24. Nf3 Rxd1+ 25. Nxd1 Ng4 0-1

[Event "Open Semana Santa 2023"]
[Site "?"]
[Date "2023.04.06"]
[Round "3.74"]
[White "Hercegovac, Neven"]
[Black "Ruiz De Leon Merlo, Esther"]
[Result "1-0"]
[WhiteElo "2153"]
[BlackElo "1721"]
[PlyCount "69"]

1. e4 e5 2. Bc4 Nc6 3. Nf3 Bc5 4. c3 Nf6 5. d3 d6 6. Nbd2 O-O 7. h3 a6 8. Bb3
Ne7 9. Nf1 c6 10. Ng3 Ng6 11. O-O d5 12. exd5 cxd5 13. Nxe5 Nxe5 14. d4 Bxd4
15. Qxd4 Nc6 16. Qd3 h6 17. Rd1 Be6 18. Bf4 Qd7 19. Bc2 Rfd8 20. Qf3 Qe7 21.
Re1 Nh7 22. Qd3 Nf8 23. Ne2 Qf6 24. Bc7 Rd7 25. Bb6 Rc8 26. Bd4 Nxd4 27. Nxd4
Rd6 28. Rad1 b5 29. a3 Bd7 30. Rd2 Ne6 31. Qh7+ Kf8 32. Nf5 g5 33. Nxd6 Rc6 34.
Qf5 Qg7 35. Qxd5 1-0

[Event "Open Semana Santa 2023"]
[Site "?"]
[Date "2023.04.06"]
[Round "3.75"]
[White "Kiryttopoulos, Panagiotis Aris"]
[Black "Serrano Almendros, Alejandro"]
[Result "0-1"]
[WhiteElo "1556"]
[BlackElo "2151"]
[PlyCount "52"]

1. d4 Nf6 2. Nf3 e6 3. e3 c5 4. Bd3 Nc6 5. b3 d5 6. O-O Bd6 7. Bb2 O-O 8. Ne5
Qc7 9. f4 Nb4 10. Be2 cxd4 11. Na3 dxe3 12. Nb5 Qb8 13. a3 Nc6 14. Nxc6 bxc6
15. Nxd6 Qxd6 16. Bxf6 gxf6 17. Qd4 e5 18. Qxe3 Kh8 19. f5 Rg8 20. Qh6 Rg5 21.
Bh5 Bxf5 22. Bxf7 Qc5+ 23. Kh1 Qxc2 24. Qxf6+ Rg7 25. g3 Be4+ 26. Kg1 Qg2# 0-1

[Event "Open Semana Santa 2023"]
[Site "?"]
[Date "2023.04.06"]
[Round "3.76"]
[White "Hernandez Leon, Sergio"]
[Black "San Vicente Crespo, Pablo"]
[Result "1-0"]
[WhiteElo "2151"]
[BlackElo "1547"]
[PlyCount "53"]

1. Nf3 Nf6 2. b3 d5 3. Bb2 c5 4. e3 Nc6 5. Bb5 Bd7 6. O-O e6 7. c4 Bd6 8. cxd5
exd5 9. Bxf6 Qxf6 10. Nc3 Be6 11. e4 d4 12. e5 Bxe5 13. Ne4 Qf4 14. Nxe5 Qxe5
15. Bxc6+ bxc6 16. d3 O-O 17. f4 Qf5 18. Rc1 c4 19. bxc4 Qa5 20. Qf3 Qa3 21. f5
Bd7 22. f6 g6 23. Qf4 Qxd3 24. Rf3 Qxf3 25. gxf3 Kh8 26. Qh6 Rg8 27. Ng5 1-0

[Event "Open Semana Santa 2023"]
[Site "?"]
[Date "2023.04.06"]
[Round "3.77"]
[White "Camarillas Castellano, Pau"]
[Black "GM Hovhannisyan, Mher"]
[Result "0-1"]
[WhiteElo "1891"]
[BlackElo "2418"]
[PlyCount "60"]

1. d4 e6 2. c4 c5 3. Nf3 Nf6 4. Nc3 d5 5. dxc5 Bxc5 6. cxd5 exd5 7. e3 O-O 8.
Bd3 Bg4 9. Be2 Nc6 10. O-O a6 11. a3 Rc8 12. b4 Ba7 13. Bb2 Qd6 14. Nd4 Bb8 15.
g3 Bh3 16. Re1 Ne5 17. Nf3 Nc4 18. Qb3 Ba7 19. Bf1 Bxf1 20. Rxf1 d4 21. exd4
Nxb2 22. Qxb2 Qc6 23. Rac1 Qxf3 24. Na4 Rxc1 25. Rxc1 h5 26. Nc5 Re8 27. Rf1 h4
28. gxh4 Bxc5 29. dxc5 Re4 30. h3 Rxh4 0-1

[Event "Open Semana Santa 2023"]
[Site "?"]
[Date "2023.04.06"]
[Round "3.78"]
[White "FM Czopor, Maciej"]
[Black "Palomo Monserrat, Lorenzo"]
[Result "0-1"]
[WhiteElo "2403"]
[BlackElo "1890"]
[PlyCount "58"]
[EventDate "2023.??.??"]

1. e4 c5 2. Nf3 d6 3. d4 cxd4 4. Nxd4 Nf6 5. Nc3 Nc6 6. Bc4 e6 7. Be3 Be7 8.
Qe2 O-O 9. O-O-O Qc7 10. Bb3 a6 11. Rhg1 Na5 12. g4 Nxb3+ 13. axb3 b5 14. g5
Nd7 15. Rg3 Bb7 16. Qh5 Rfc8 17. Rh3 Nf8 18. b4 Qc4 19. f4 a5 20. Ncxb5 Bxe4
21. Na3 Qxb4 22. Bf2 Rab8 23. Rb3 Qa4 24. Re3 Bg6 25. Qe2 e5 26. fxe5 dxe5 27.
Ndb5 Rxb5 28. Qxb5 Rxc2+ 29. Kb1 Rc5+ 0-1

[Event "Open Semana Santa 2023"]
[Site "?"]
[Date "2023.04.06"]
[Round "3.79"]
[White "IM Camacho Collados, Jose"]
[Black "Vicens Company, Maria Antonia"]
[Result "1-0"]
[WhiteElo "2400"]
[BlackElo "1888"]
[PlyCount "55"]
[EventDate "2023.??.??"]

1. e4 c5 2. Nf3 a6 3. c4 Nc6 4. d4 cxd4 5. Nxd4 g6 6. Nc3 Bg7 7. Be3 Nf6 8. Be2
d6 9. O-O Bd7 10. Rc1 O-O 11. f3 Nxd4 12. Bxd4 b5 13. c5 dxc5 14. Bxc5 Re8 15.
e5 Nh5 16. f4 Nxf4 17. Rxf4 Bh6 18. Rh4 Bg5 19. Qe1 Qc7 20. b4 Bxh4 21. Qxh4
Qxe5 22. Bf3 Rac8 23. Nd5 g5 24. Qe1 Qxe1+ 25. Rxe1 Kg7 26. Nb6 Rc7 27. Nxd7
Rxd7 28. Bc6 1-0

[Event "Open Semana Santa 2023"]
[Site "?"]
[Date "2023.04.06"]
[Round "3.80"]
[White "Bethencourt Hernandez, Alberto"]
[Black "FM Neagu, Roberto Florin"]
[Result "1-0"]
[WhiteElo "1882"]
[BlackElo "2314"]
[PlyCount "67"]

1. e4 c5 2. Nf3 Nc6 3. Bb5 g6 4. O-O Bg7 5. Re1 Nf6 6. c3 O-O 7. d4 d5 8. exd5
Qxd5 9. Bxc6 bxc6 10. dxc5 Qxc5 11. Be3 Qh5 12. Bd4 Rd8 13. Qe2 c5 14. Be5 Bb7
15. Nbd2 Bh6 16. Rad1 Qf5 17. Bg3 Bxd2 18. Nxd2 Rd7 19. Nb3 Rad8 20. Rxd7 Rxd7
21. Qe5 Qxe5 22. Bxe5 Bc8 23. Nxc5 Rd2 24. h3 Nd7 25. Nxd7 Bxd7 26. c4 Kf8 27.
Bc3 Rc2 28. Re5 Be6 29. Ra5 Bxc4 30. Rc5 Be6 31. Bg7+ Kxg7 32. Rxc2 Bxa2 33.
Rc7 a6 34. Rc6 1-0

[Event "Open Semana Santa 2023"]
[Site "?"]
[Date "2023.04.06"]
[Round "3.81"]
[White "FM Mingarro Carceller, Sergi"]
[Black "Silva Pena, Angel David"]
[Result "1-0"]
[WhiteElo "2308"]
[BlackElo "1879"]
[PlyCount "87"]

1. e4 c5 2. Nf3 e6 3. d4 cxd4 4. Nxd4 Nc6 5. Nc3 Qc7 6. Be3 a6 7. g4 Bb4 8.
Nxc6 Qxc6 9. Qd4 Bxc3+ 10. bxc3 f6 11. O-O-O b5 12. Bg2 e5 13. Qd6 Bb7 14. Qa3
Rc8 15. Rd3 Ne7 16. Rhd1 Rf8 17. Kb2 Rd8 18. Rd6 Qc4 19. Bb6 b4 20. Qxb4 Qxb4+
21. cxb4 Nc8 22. Bxd8 Nxd6 23. Rxd6 Kxd8 24. c4 Kc7 25. c5 Bc6 26. Bf1 Rb8 27.
Kc3 a5 28. a3 axb4+ 29. axb4 Bxe4 30. b5 Bf3 31. h3 h5 32. b6+ Kd8 33. Bb5 Rb7
34. gxh5 Ke7 35. Kb4 Bxh5 36. Ka5 Bf3 37. Ka6 g5 38. Bc6 Bxc6 39. Rxc6 Rb8 40.
Rc7 Ra8+ 41. Kb7 Ra2 42. c6 Rxf2 43. Rxd7+ Ke6 44. Rd1 1-0

[Event "Open Semana Santa 2023"]
[Site "?"]
[Date "2023.04.06"]
[Round "3.82"]
[White "Garbezza, Davide"]
[Black "FM Milat, Marcel"]
[Result "1/2-1/2"]
[WhiteElo "1879"]
[BlackElo "2237"]
[PlyCount "86"]
[EventDate "2023.??.??"]

1. Nf3 d5 2. b3 Bg4 3. Bb2 Bxf3 4. exf3 Nf6 5. f4 Nc6 6. g3 g6 7. Bg2 Bg7 8.
O-O O-O 9. d3 Ne8 10. Bxg7 Nxg7 11. c4 e6 12. Nc3 Ne7 13. Qf3 c6 14. g4 Qa5 15.
Rfc1 Rad8 16. a3 Rd7 17. b4 Qd8 18. Rd1 Qb8 19. b5 f5 20. g5 Nh5 21. Ne2 Rfd8
22. bxc6 bxc6 23. Qe3 Kf7 24. Re1 dxc4 25. Rab1 Qc7 26. dxc4 Rd3 27. Qe5 Qxe5
28. fxe5 R8d7 29. a4 f4 30. Be4 Ra3 31. Ra1 Rxa1 32. Rxa1 Rd2 33. Kf1 c5 34.
Ke1 Rb2 35. Rb1 Ra2 36. Nc3 Ra3 37. Nb5 Rxa4 38. Nd6+ Kg7 39. Rb7 Ra1+ 40. Ke2
Kf8 41. Rb8+ Kg7 42. Rb7 Kf8 43. Rb8+ Kg7 1/2-1/2

[Event "Open Semana Santa 2023"]
[Site "?"]
[Date "2023.04.06"]
[Round "3.83"]
[White "FM Lozano Ramirez, Nestor Favian"]
[Black "Aura, Kristian"]
[Result "1-0"]
[WhiteElo "2235"]
[BlackElo "1877"]
[PlyCount "65"]

1. c4 e6 2. g3 d5 3. Bg2 Nf6 4. Nf3 Be7 5. O-O O-O 6. b3 Ne4 7. Bb2 Bf6 8. d4
Nd7 9. Nbd2 Nxd2 10. Qxd2 Re8 11. Rfd1 c6 12. Qc2 Qb6 13. e4 dxe4 14. Qxe4 c5
15. Rab1 cxd4 16. Bxd4 Bxd4 17. Nxd4 Nc5 18. Qe3 e5 19. Nb5 Bf5 20. b4 Ne6 21.
Qxb6 axb6 22. Ra1 Re7 23. Rd6 Rc8 24. Rxb6 Nd4 25. Nd6 Rcc7 26. c5 e4 27. Rd1
Ne2+ 28. Kf1 Bg4 29. Rd2 Nc3 30. Nxe4 Rcd7 31. Rxd7 Rxd7 32. Nxc3 Rd3 33. Rd6
1-0

[Event "Open Semana Santa 2023"]
[Site "?"]
[Date "2023.04.06"]
[Round "3.84"]
[White "Deusa Ballesteros, Luis Miguel"]
[Black "FM Fernandez Siles, Luis"]
[Result "0-1"]
[WhiteElo "1873"]
[BlackElo "2222"]
[PlyCount "70"]

1. d4 f5 2. c4 Nf6 3. Nc3 e6 4. e3 c6 5. a3 d5 6. Nf3 Bd6 7. cxd5 exd5 8. g3
O-O 9. Bg2 Ne4 10. O-O Nd7 11. Ne2 g5 12. Nd2 Qe7 13. Qc2 Ndf6 14. Nc3 Bd7 15.
Ndxe4 fxe4 16. b4 Bg4 17. f3 exf3 18. Bxf3 Bxf3 19. Rxf3 Ng4 20. Qe2 h5 21.
Rxf8+ Rxf8 22. Nd1 Qe4 23. Nc3 Qe6 24. Nd1 h4 25. h3 Nf6 26. gxh4 Qxh3 27. Qg2
Qxh4 28. Nf2 Ne4 29. Ra2 Bg3 30. Nd3 Qg4 31. Re2 Nc3 32. Re1 Qh4 33. Rf1 Bh2+
34. Kh1 Rxf1+ 35. Qxf1 Bd6+ 0-1

[Event "Open Semana Santa 2023"]
[Site "?"]
[Date "2023.04.06"]
[Round "3.85"]
[White "Demerson Joly, Javier"]
[Black "CM Aymerich Verdaguer, Eduard"]
[Result "1/2-1/2"]
[WhiteElo "1863"]
[BlackElo "2215"]
[PlyCount "91"]

1. c4 g6 2. Nc3 Bg7 3. Nf3 d6 4. d4 Nf6 5. Bg5 h6 6. Bxf6 Bxf6 7. e3 O-O 8. Be2
Nd7 9. O-O e5 10. Qc2 c6 11. Ne4 Be7 12. dxe5 Nxe5 13. Nxe5 dxe5 14. Rfd1 Qc7
15. c5 Bf5 16. b4 a5 17. a3 b6 18. g4 Be6 19. cxb6 Qxb6 20. Nc5 Bc8 21. Nd7
Bxd7 22. Rxd7 Ra7 23. Rxa7 Qxa7 24. bxa5 Qxa5 25. Qxc6 Bxa3 26. Qa6 Ra8 27.
Qxa5 Rxa5 28. Kg2 Kg7 29. Bf3 Kf6 30. h4 Ke6 31. h5 gxh5 32. gxh5 Kf5 33. Be2
e4 34. Rb1 Bc5 35. Rb5 Rxb5 36. Bxb5 Kg5 37. Be8 f5 38. Bg6 Kg4 39. Bh7 Kg5 40.
Bg6 Kg4 41. Bh7 f4 42. Bxe4 fxe3 43. fxe3 Kxh5 44. Bf3+ Kh4 45. e4 h5 46. Bxh5
1/2-1/2

[Event "Open Semana Santa 2023"]
[Site "?"]
[Date "2023.04.06"]
[Round "3.86"]
[White "Perez Epinin, Gines"]
[Black "CM Molina Carretero, Daniel"]
[Result "1/2-1/2"]
[WhiteElo "1861"]
[BlackElo "2209"]
[Annotator "Usuario"]
[PlyCount "39"]

1. d4 Nf6 2. Nf3 e6 3. e3 b6 4. Bd3 Bb7 5. O-O c5 6. Nbd2 Be7 7. b3 O-O 8. Bb2
Nc6 9. a3 Rc8 10. Qe2 d5 11. Rfd1 Qc7 12. c4 cxd4 13. Nxd4 Rfd8 14. N2f3 Nxd4
15. Nxd4 dxc4 16. Bxc4 Bd6 17. h3 Qd7 18. Ba6 Bb8 19. Bxb7 Qxb7 20. Nf3 $11
1/2-1/2

[Event "Open Semana Santa 2023"]
[Site "?"]
[Date "2023.04.06"]
[Round "3.87"]
[White "Padilla Lozano, Francisco Manuel"]
[Black "Salvador Buiza, Victor"]
[Result "0-1"]
[WhiteElo "1855"]
[BlackElo "2195"]
[PlyCount "64"]

1. d4 Nf6 2. Bf4 d5 3. e3 c5 4. c3 Nc6 5. Nf3 e6 6. Nbd2 Bd6 7. Bg3 O-O 8. Bd3
Re8 9. O-O e5 10. dxe5 Nxe5 11. Be2 Bf5 12. Nxe5 Bxe5 13. Nf3 Bxg3 14. hxg3 Qc7
15. Nh4 Be4 16. Bd3 Rad8 17. Nf3 Rd6 18. Qc2 Bxf3 19. gxf3 h5 20. Rae1 h4 21.
Kg2 c4 22. Bf5 hxg3 23. fxg3 Qc5 24. e4 dxe4 25. Bxe4 Nxe4 26. Rxe4 Rxe4 27.
fxe4 Qe3 28. Rd1 Rd3 29. Rxd3 cxd3 30. Qa4 d2 31. Qe8+ Kh7 32. Qxf7 Qxe4+ 0-1

[Event "Open Semana Santa 2023"]
[Site "?"]
[Date "2023.04.06"]
[Round "3.88"]
[White "FM Buenafe Moya, Javier"]
[Black "Manzanares Lopez, Alejandro"]
[Result "1-0"]
[WhiteElo "2188"]
[BlackElo "1845"]
[PlyCount "117"]

1. Nf3 Nf6 2. c4 g6 3. Nc3 d5 4. cxd5 Nxd5 5. g3 Bg7 6. h4 c6 7. Bg2 e5 8. h5
O-O 9. Qb3 Nxc3 10. dxc3 Qc7 11. hxg6 hxg6 12. Bd2 Nd7 13. Qc4 Nf6 14. Qh4 Rd8
15. Bh6 Nh5 16. Bxg7 Kxg7 17. Nxe5 Bf5 18. Nc4 Qd7 19. Bf3 Rh8 20. Qd4+ Qxd4
21. cxd4 Nf6 22. Rxh8 Rxh8 23. Nd2 Bg4 24. Bxg4 Nxg4 25. Nf1 Kf6 26. f3 Nh6 27.
g4 Ke6 28. Rd1 f5 29. Ne3 Nf7 30. Rd3 Nd6 31. gxf5+ gxf5 32. d5+ cxd5 33. Nxd5
Rc8 34. Nf4+ Ke5 35. Rd5+ Kxf4 36. Rxd6 Rc2 37. Rd2 Rc7 38. Kf2 Rh7 39. Rd4+
Ke5 40. Ke3 Ke6 41. Kd3 Ke5 42. Ra4 b6 43. Rb4 Rd7+ 44. Ke3 Rh7 45. Rb5+ Ke6
46. a4 Rd7 47. b3 Kf6 48. Kf4 Rd4+ 49. Kg3 Rd2 50. e3 Rd3 51. Kf4 Ke6 52. b4
Rb3 53. Re5+ Kd6 54. b5 Rb4+ 55. Kxf5 Rxa4 56. e4 Rb4 57. Kf6 Rb1 58. f4 Rf1
59. Rd5+ 1-0

[Event "Open Semana Santa 2023"]
[Site "?"]
[Date "2023.04.06"]
[Round "3.89"]
[White "Jordan Martinez, Miguel"]
[Black "Martinez Manzanares, Alejandro"]
[Result "1-0"]
[WhiteElo "2186"]
[BlackElo "1839"]
[PlyCount "85"]

1. e4 d6 2. d4 g6 3. Nc3 Bg7 4. Be3 Nf6 5. f3 O-O 6. Qd2 Nbd7 7. O-O-O c6 8. g4
b5 9. Bh6 b4 10. Nb1 Bxh6 11. Qxh6 Kh8 12. h4 Rg8 13. Nh3 Qa5 14. Bc4 Rg7 15.
Qe3 Ba6 16. Bxa6 Qxa6 17. h5 Nb6 18. hxg6 fxg6 19. Qb3 Qb5 20. Qd3 Qa4 21. Qb3
Qb5 22. Qe6 Qe2 23. Nd2 Qe3 24. e5 Nfd7 25. Rhe1 Qxd4 26. Re4 Qd5 27. exd6 exd6
28. Nb3 Qxe6 29. Rxe6 Nc4 30. Nd4 Nc5 31. Rf6 Rc7 32. b3 Nd7 33. Re6 Nf8 34.
Rf6 Nd7 35. Rf7 Ne3 36. Re7 Rac8 37. Ne6 Rb7 38. Nhg5 Nc5 39. Rxb7 Nxb7 40. Rh1
Nc5 41. Nxc5 dxc5 42. Rxh7+ Kg8 43. Re7 1-0

[Event "Open Semana Santa 2023"]
[Site "?"]
[Date "2023.04.06"]
[Round "3.90"]
[White "Perez Garcia, Jimena"]
[Black "FM Tytynnik, Artem"]
[Result "0-1"]
[WhiteElo "1852"]
[BlackElo "2164"]
[PlyCount "80"]

1. d4 Nf6 2. c4 g6 3. Nc3 d5 4. cxd5 Nxd5 5. e4 Nxc3 6. bxc3 Bg7 7. Bc4 c5 8.
Ne2 O-O 9. O-O Nc6 10. Be3 b6 11. h4 cxd4 12. cxd4 Na5 13. Bd5 Bb7 14. Bxb7
Nxb7 15. e5 Na5 16. Rc1 Rc8 17. Qa4 Qd5 18. Nf4 Qe4 19. Rxc8 Rxc8 20. Qd7 Qb7
21. Qg4 e6 22. h5 Qe4 23. hxg6 hxg6 24. Qg5 Nc4 25. Rc1 Qb7 26. Rc3 b5 27. Rb3
a5 28. d5 a4 29. Rc3 exd5 30. Rxc4 bxc4 31. e6 d4 32. exf7+ Qxf7 33. Bc1 Re8
34. Nxg6 Re6 35. Qd8+ Qe8 36. Qxe8+ Rxe8 37. Kf1 Kf7 38. Nh4 d3 39. Nf5 Rb8 40.
Ke1 c3 0-1

[Event "Open Semana Santa 2023"]
[Site "?"]
[Date "2023.04.06"]
[Round "3.91"]
[White "FM Eizaguerri Floris, Maria"]
[Black "Prochaieva, Alina"]
[Result "1-0"]
[WhiteElo "2161"]
[BlackElo "1820"]
[PlyCount "47"]

1. e4 c5 2. Nf3 e6 3. d4 cxd4 4. Nxd4 a6 5. Nc3 Qc7 6. g3 b5 7. Bg2 Bb7 8. O-O
d6 9. a4 b4 10. Na2 Nf6 11. Re1 a5 12. Nb5 Qc6 13. c3 bxc3 14. Naxc3 Na6 15.
Bf4 Rd8 16. Nd5 Nd7 17. e5 Qc8 18. exd6 Bxd5 19. Qxd5 Nb6 20. Qc6+ Qxc6 21.
Bxc6+ Nd7 22. Nc7+ Nxc7 23. dxc7 Rc8 24. Red1 1-0

[Event "Open Semana Santa 2023"]
[Site "?"]
[Date "2023.04.06"]
[Round "3.92"]
[White "Morales Carmona, Jose Manuel"]
[Black "Zielonka, Adam"]
[Result "1/2-1/2"]
[WhiteElo "1849"]
[BlackElo "2156"]
[PlyCount "92"]

1. e4 c5 2. Nf3 e6 3. d4 cxd4 4. Nxd4 Nc6 5. Be3 Nf6 6. Nc3 a6 7. a3 Be7 8. Be2
d6 9. O-O O-O 10. f3 Bd7 11. Qd2 b5 12. Rfd1 Rb8 13. b4 Nxd4 14. Bxd4 Qc7 15.
a4 e5 16. Be3 Rfc8 17. axb5 Qxc3 18. bxa6 Qxb4 19. a7 Qxd2 20. Rxd2 Ra8 21. Rb1
Bc6 22. Ba6 Rc7 23. Rb8+ Ne8 24. Rxa8 Bxa8 25. c4 Rc6 26. Bb5 Rc8 27. Rb2 Nc7
28. Bd7 Rf8 29. Rb8 Na6 30. Bc8 Nc7 31. Bb6 Bd8 32. Bb7 Bxb7 33. Rxb7 Na8 34.
Bxd8 Rxd8 35. Rb8 Rf8 36. Kf2 f6 37. Ke2 Kf7 38. Kd3 Re8 39. Kc3 Ke7 40. Rb7+
Ke6 41. Rb8 Kd7 42. Kb4 Rc8 43. Kb5 Rc5+ 44. Kb4 Rc8 45. Kb5 Rc5+ 46. Kb4 Rc8
1/2-1/2

[Event "Open Semana Santa 2023"]
[Site "?"]
[Date "2023.05.06"]
[Round "3.93"]
[White "Roig Roig, Marc"]
[Black "Iglesias Ferreira, Andres"]
[Result "0-1"]
[WhiteElo "1840"]
[BlackElo "2150"]
[PlyCount "66"]

1. e4 c5 2. Nf3 d6 3. d4 cxd4 4. Nxd4 Nf6 5. Nc3 a6 6. Qf3 g6 7. Bg5 Bg7 8. h3
Nbd7 9. Qe3 h6 10. Bh4 Qc7 11. O-O-O e5 12. Nb3 b5 13. Nd5 Nxd5 14. Rxd5 Nb6
15. Rd1 Nc4 16. Qd3 Be6 17. Nd2 O-O 18. Nxc4 bxc4 19. Qxd6 Qa5 20. Qa3 Qxa3 21.
bxa3 g5 22. Bg3 Rfb8 23. c3 Rb5 24. Be2 Rab8 25. Bg4 Bxg4 26. hxg4 Rb1+ 27. Kd2
R1b2+ 28. Ke3 Rxa2 29. Rd5 f6 30. Rc5 Rd8 31. Rxc4 Bf8 32. Re1 Bxa3 33. Rc6
Rad2 0-1

[Event "Open Semana Santa 2023"]
[Site "?"]
[Date "2023.04.06"]
[Round "3.94"]
[White "Martino Girones, Gonzalo"]
[Black "Ontanon Gomez, Pablo"]
[Result "1/2-1/2"]
[WhiteElo "1827"]
[BlackElo "2136"]
[Annotator "Usuario"]
[PlyCount "52"]

1. Nf3 c5 2. e3 Nf6 3. d4 Qc7 4. c3 d5 5. dxc5 Qxc5 6. b4 Qc7 7. Bb2 g6 8. Nbd2
Bg7 9. c4 dxc4 10. Bxc4 O-O 11. Rc1 Qd8 12. O-O Nbd7 13. Qe2 Nb6 14. Bb3 Bd7
15. Rfd1 Qe8 16. Ne5 Ba4 17. Qf3 Bxb3 18. Nxb3 Qa4 19. Nc5 Qxb4 20. Bd4 Qa3 21.
Qxb7 Qxa2 22. Ra1 Qd5 23. Rxa7 Rxa7 24. Qxa7 Nc8 25. Qc7 Qd6 26. Qa5 Nb6 $11
1/2-1/2

[Event "Open Semana Santa 2023"]
[Site "?"]
[Date "2023.04.06"]
[Round "3.95"]
[White "Ereza Vizcarra, Fernando"]
[Black "Lopez Herrero, Israel"]
[Result "1-0"]
[WhiteElo "2131"]
[BlackElo "1814"]
[PlyCount "101"]

1. d4 Nf6 2. Nf3 g6 3. c4 Bg7 4. Nc3 O-O 5. e4 d6 6. Be3 Nbd7 7. Be2 e5 8. d5
Ne8 9. Nd2 Nc5 10. b4 Na6 11. a3 f5 12. f3 Nf6 13. O-O Bd7 14. c5 Qe7 15. c6
Bc8 16. b5 Nc5 17. Na4 Nxa4 18. Qxa4 b6 19. Qd1 f4 20. Bf2 a5 21. bxa6 Bxa6 22.
Bxa6 Rxa6 23. Qb3 Rfa8 24. Nc4 g5 25. Rfc1 g4 26. Kh1 g3 27. hxg3 Nh5 28. Kh2
fxg3+ 29. Bxg3 Bh6 30. Ne3 Qg5 31. Ng4 Nxg3 32. Kxg3 Qf4+ 33. Kf2 Qd2+ 34. Kg1
Rxa3 35. Nxh6+ Kf8 36. Qc3 Rxc3 37. Rxa8+ Kg7 38. Nf5+ Kg6 39. Rg8+ Kf7 40.
Rg7+ Kf6 41. Rxc3 Qxc3 42. Rxc7 b5 43. Rc8 Qc1+ 44. Kh2 Qf4+ 45. Kh3 h5 46.
Rf8+ Kg5 47. Rg8+ Kf6 48. c7 Qc1 49. c8=Q Qh1+ 50. Kg3 Qe1+ 51. Kh2 1-0

[Event "Open Semana Santa 2023"]
[Site "?"]
[Date "2023.04.06"]
[Round "3.96"]
[White "Salvador Lopez, Daniel"]
[Black "Lacamara Pasamar, Miguel"]
[Result "1-0"]
[WhiteElo "2128"]
[BlackElo "1807"]
[PlyCount "68"]

1. d4 e6 2. Nf3 c5 3. c3 Nf6 4. Bg5 h6 5. Bxf6 Qxf6 6. Nbd2 d5 7. e3 Nc6 8. Bd3
Bd6 9. O-O O-O 10. dxc5 Bxc5 11. e4 d4 12. Nb3 Bb6 13. cxd4 Nxd4 14. Nbxd4 Bxd4
15. Qe2 Bb6 16. e5 Qf4 17. Rac1 h5 18. g3 Qh6 19. Be4 Rb8 20. Rfd1 Rd8 21.
Rxd8+ Bxd8 22. Rd1 Be7 23. Qb5 g6 24. Qa5 Ra8 25. Qc7 Qf8 26. h4 Qe8 27. Ng5
Kg7 28. Bf3 a5 29. Ne4 Ra6 30. Nf6 Qf8 31. Rc1 Ra8 32. Rd1 Kh6 33. Qxe7 Qxe7
34. Ng8+ Kg7 1-0

[Event "Open Semana Santa 2023"]
[Site "?"]
[Date "2023.04.06"]
[Round "3.97"]
[White "Santamaria Baeza, Adolfo"]
[Black "Garijo Perez, Hugo"]
[Result "0-1"]
[WhiteElo "1815"]
[BlackElo "2125"]
[PlyCount "56"]

1. e4 c5 2. Nf3 e6 3. d4 cxd4 4. Nxd4 a6 5. Nc3 b5 6. Bd3 Qc7 7. O-O Nc6 8. Be3
Nf6 9. h3 Nxd4 10. Bxd4 e5 11. Be3 Bb7 12. Bg5 b4 13. Nd5 Nxd5 14. exd5 Bxd5
15. Re1 Be6 16. Qe2 f6 17. Bh4 a5 18. Rad1 Bc5 19. b3 O-O 20. Qe4 g6 21. Bc4
Kg7 22. Bxe6 dxe6 23. Rd3 Rad8 24. Rf3 Rd4 25. Bxf6+ Rxf6 26. Qxe5 Qxe5 27.
Rxe5 Rd1+ 28. Kh2 Bd6 0-1

[Event "Open Semana Santa 2023"]
[Site "?"]
[Date "2023.04.06"]
[Round "3.98"]
[White "Lopez Martinez, Jaime"]
[Black "Gomez Sanjuan, Hector Fernando"]
[Result "1/2-1/2"]
[WhiteElo "1808"]
[BlackElo "2124"]
[PlyCount "64"]

1. e4 e6 2. d4 d5 3. Nd2 c5 4. c3 Nc6 5. Ngf3 Nf6 6. exd5 Nxd5 7. dxc5 Bxc5 8.
Ne4 Be7 9. Bd3 O-O 10. O-O f5 11. Ng3 e5 12. Bc4 Be6 13. Qe2 e4 14. Rd1 Na5 15.
Nd4 Bf7 16. Bxd5 Qxd5 17. Ndxf5 Qe6 18. Qg4 g6 19. Nxe7+ Qxe7 20. Qxe4 Rfe8 21.
Qf4 Nc4 22. b3 Rad8 23. Bd2 Nxd2 24. Rxd2 Rxd2 25. Qxd2 a5 26. Kf1 a4 27. c4
Qf6 28. Re1 Rxe1+ 29. Kxe1 Qa1+ 30. Ke2 Qb1 31. Qd8+ Kg7 32. Qd4+ Kg8 1/2-1/2